|
|
|
|
| LEADER |
00694nta a2200205 i 4500 |
| 001 |
dipl115485 |
| 005 |
20210517092723.0 |
| 008 |
210517s1991 hu om 0|| zxx d |
| 040 |
|
|
|a SZTE Diploma Repozitórium
|b hun
|
| 041 |
|
|
|a zxx
|
| 100 |
2 |
|
|a Leléné Gonda Irén
|
| 245 |
1 |
2 |
|a A délutáni foglalkozások hatása a személyiségfejlődésre
|h [elektronikus dokumentum] /
|c Irén Leléné Gonda
|
| 260 |
|
|
|c 1991
|
| 650 |
|
4 |
|a Pedagógusképzés
|
| 650 |
|
4 |
|a Social sciences
|
| 650 |
|
4 |
|a Psychology
|
| 650 |
|
4 |
|a Educational sciences
|
| 650 |
|
4 |
|a Sociology
|
| 700 |
1 |
|
|a Farkas Olga
|e ths
|
| 856 |
4 |
0 |
|u http://diploma.bibl.u-szeged.hu/id/eprint/115485/1/1991_lelene_gonda_iren.pdf
|z Dokumentum-elérés
|